000 00400nam a2200145Ia 4500
008 220204s9999 xx 000 0 und d
082 _a632.9
_bVIJ
100 _aShyam Sundar, K M
245 0 _aPest control and disease management in Vrkshayurveda
260 _aMadras
_bLSPSS
_c1994
650 _aEndogenous diseases
650 _aExogenous diseseases
700 _aVijayalakshmi, K
942 _cBK
999 _c40584
_d40584